00538nam a2200181 i 450000100060000000300090000600500170001500700030003200800410003510000170007624501030009326000420019630000280023865000250026665000230029165100210031485200210033537902ES-MaACL20230906155648.0t|030224s1896 fr ||||1| fre d1 aCahun, Leon.10aIntroduction a l'histoire de l'Asie b: turcs et mongols : des origines a 1405 / cpar Leon Cahun. aCoulommiers : bPaul Brodard, c1896. aXIII, 519 p. ; c23 cm.04aMongoles-xHistoria. 4aTurcos-xHistoria. 4aAsia-xHistoria. aES-MaACLjF-7087